Imiona autorów #2 - Statystyki

Ogólne statystyki
  • Ten quiz został rozwiązany 23 razy
  • Średni wynik to 10 z 24
Statystyki odpowiedzi
Imię Nazwisko % Poprawnych
Jan Kochanowski
95%
Mark Twain
95%
Olga Tokarczuk
91%
Agatha Christie
86%
Bolesław Leśmian
77%
Charles Dickens
73%
Albert Camus
68%
Alexandre Dumas
64%
Victor Hugo
59%
Salman Rushdie
36%
Sylvia Plath
32%
John Updike
27%
Rudyard Kipling
23%
Maxim Gorky
18%
Roald Dahl
18%
Thomas Pynchon
18%
Don DeLillo
14%
Gore Vidal
14%
Norman Mailer
14%
Ayn Rand
9%
Dave Eggers
9%
Susan Sontag
9%
Jonathan Franzen
0%
Louis L'Amour
0%
Nie znaleziono quizów pasujących do podanych kryteriów
Rozkład punktacji
Procent ludzi z każdym wynikiem
Percentyl według liczby udzielonych odpowiedzi
Twoja historia wyników
Nie rozwiązałeś tego quizu